| 000 | 00664nam a2200253Ia 4500 | ||
|---|---|---|---|
| 003 | OSt | ||
| 005 | 20221006143613.0 | ||
| 006 | a|||||r|||| 00| 0 | ||
| 007 | ta | ||
| 008 | 221006b |||||||| |||| 00| 0 eng d | ||
| 020 | _c37.80 | ||
| 024 | _a9,433 | ||
| 037 | _cTextual | ||
| 040 |
_aEASL _cEASL _beng |
||
| 041 |
_2eng _aeng |
||
| 082 | _aX:3M24x, K7 | ||
| 100 |
_aHALEVAY Elie _9650121 |
||
| 245 | 0 |
_aEra of tyrannies _b Essays on socialism and war |
|
| 260 |
_aLondon _bAllen Lane the Penguin Press _c1967 |
||
| 300 |
_a297p. _ccm. |
||
| 490 | _v Oth | ||
| 942 |
_hX:3M24x, K7 _cTEXL _2CC |
||
| 999 |
_c1077519 _d1077519 |
||